01057nam a2200289Ia 4500003000400000005001700004008004100021020001800062040001800080041000800098082002300106100002300129245008000152250000600232260006500238300002900303650003000332650003500362650003700397650004100434650003200475650005300507650002900560942002700589999001900616952013200635OSt20250305103526.0210716s2009 xx 000 0 und d a9789352132652 cAIMIT LIBRARY aeng a005.7402 23bDATC aDate, C J.9204052 aSql and relational theory: bhow to write accurate sql code /cBy C J Date. a3 aNew DelhibShroff Publishers and Distributors Pvt Ltdc2009 axvii,563 p.;bPBc24 cm. aTypes and domains9204053 aNo duplicates no nulls9204054 aBase relvars base tables9204055 aSql and relational algebra I9204056 aSql and constraints9204057 aUsing logic to formulate sql expressions9204058 aRelational model9204059 2ddccBKk005.7402 DATC c195226d195226 001040708MCAaAIMITbAIMITeKnowledge Worldg950.00l0o005.7402 DATCpMCA14735r2026-05-23 00:00:00v741.00w2021-07-16yBK